000 00588nam a2200217 i 4500
001 86698
003 ES-MaACL
005 20230906175515.0
007 t|
008 041215s1982 xxu ||||1| eng d
080 _a298.9 Nueva Era
080 _a133
100 1 _aKing, Godfré Ray.
_968058
245 1 0 _aOriginal unveiled mysteries /
_cby Godfré Ray King.
250 _a4th ed.
260 _aChicago :
_bSaint Germain Press,
_c1982.
300 _aXXIV, 260 p., 1 lám. ;
_c20 cm.
650 _aNueva Era.
_915641
650 4 _aI am (Secta)
_9173089
852 _aES-MaACL
_jL-6158
999 _c86698
_d86698